000 00606 a2200217 4500
005 20260223103818.0
008 260204b |||||||| |||| 00| 0 eng d
020 _a9788173917967
_cRs. 800.00
040 _aMAIN
082 _a376.1580954
_bK962A
100 _aKundu, C L
245 _aAccredited institutions of rehabilitation council of India
260 _bKanishika Publishers, Distributors
_c2025
_aNew Delhi
300 _axvi, 184
650 _aSpecial Education
650 _aDisabilities
650 _aRehabilitation
700 _aSingh, J P
700 _aAhuluwalia, H P S
942 _cBK
999 _c393802
_d393802